Recent discoveries attributed to early man in America

Saved in:
書目詳細資料
主要作者: Hdrlicka, Ales (Author)
格式: 圖書
語言:英语
出版: Washington, D.C Government Printing Office 1918
版:1a. ed
主題:
標簽: 添加標簽
沒有標簽, 成為第一個標記此記錄!

MARC

LEADER 00000nam a2200000 a 4500
001 UCJ6260
003 CL-VaPUC
008 070124e19180000US |||||||||||||||||eng|d
082 0 4 |a 980  |b HDR  |2 21 
100 0 |a Hdrlicka, Ales  |e author  |9 512684 
245 1 0 |a Recent discoveries attributed to early man in America 
250 |a 1a. ed 
300 |a 67 p 
942 |c BK 
945 |d 20070124 00:00:00  |a rinostro 
260 |a Washington, D.C  |b Government Printing Office  |c 1918 
500 |a Ilustraciones sin indizar 
650 0 |a Prehistoria  |9 316557 
650 0 |a Paleontología  |9 314794 
650 0 |a Etnografía   |9 309735 
650 0 |a Arqueología   |9 265619 
650 0 |a Ilustraciones  |9 369481 
650 0 |a Alfarería  |9 341805 
651 7 |a CUZCO  |2 CL-VaPUC  |9 265268 
651 7 |a FLORIDA  |2 CL-VaPUC  |9 417692 
651 7 |a CALIFORNIA  |2 CL-VaPUC  |9 264797 
583 |a last modification  |c 20070124 00:00:00  |k Rodrigo Vera 
999 |c 322368  |d 322366 
952 |0 0  |1 0  |4 0  |6 980_000000000000000_HDR_1918  |7 0  |8 X  |9 401341  |a FDOBUD  |b FDOBUD  |d 2019-11-22  |i 1045938  |o 980 HDR 1918  |p 1045938  |r 2019-11-22  |w 2019-11-22  |y BK_X  |k BUD